| 000 -LEADER |
| fixed length control field |
00711cam a2200193 a 4500 |
| 020 ## - INTERNATIONAL STANDARD BOOK NUMBER |
| ISBN |
2717851038 |
| 040 ## - CATALOGING SOURCE |
| Transcribing agency |
DLC |
| 082 ## - DEWEY DECIMAL CLASSIFICATION NUMBER |
| Classification number |
331 ECO 2006 A068 Co. |
| 245 03 - TITLE STATEMENT |
| Title |
Le développement face à la pauvreté : |
| Remainder of title |
réseau Analyse Économique et Développement / |
| 260 ## - PUBLICATION, DISTRIBUTION, ETC. (IMPRINT) |
| Place of publication |
Paris : |
| Name of publisher |
Economica, |
| Year of publication |
2006. |
| 300 ## - PHYSICAL DESCRIPTION |
| Number of Pages |
346 p. : |
| Other physical details |
ill. ; |
| Dimensions |
24 cm. |
| 500 ## - GENERAL NOTE |
| General note |
Communications présentées aux sixièmes journées scientifiques du réseau "Analyse Économique et Développement", de l'Agence universitaire de la francophonie ... Marrakech, mars 2004--P. [1]. |
| 650 #0 - SUBJECT ADDED ENTRY--TOPICAL TERM |
| Topical Term |
Poverty |
| 650 #0 - SUBJECT ADDED ENTRY--TOPICAL TERM |
| Topical Term |
Equality |
| 700 1# - ADDED ENTRY--PERSONAL NAME |
| Personal name |
Mourji, Fouzi. |
| 700 1# - ADDED ENTRY--PERSONAL NAME |
| Personal name |
Decaluwé, Bernard. |
| 700 1# - ADDED ENTRY--PERSONAL NAME |
| Personal name |
Plane, Patrick. |
| 942 ## - ADDED ENTRY ELEMENTS (KOHA) |
| Koha item type |
សៀវភៅភាសាបារាំង |
| 952 ## - LOCATION AND ITEM INFORMATION (KOHA) |
| Withdrawn status [LOCAL, KOHA] |
0 |